00860nam a2200253Ia 450000500170000000800410001702000190005810000330007724500410011025000390015130000270019049000490021750000260026665000350029265000390032765000340036665000460040026400260044633600270047233700330049933800280053204000350056008400110059520220317001039.0160825s2008 sp g 000 0 spa  a978842063850121 aCarpentier, Alejod1904-198014aLos pasos perdidoscAlejo Carpentier a1a. edición b9a. reimpresión  a284 páginas c20 cm  aEl libro de bolsillo pbiblioteca Carpentier aIncluye cronología 142LEMBaNovela cubana ySiglo XX142LEMBaLiteratura cubana ySiglo XX142LEMB aAmor en la literatura 142LEMBaRealismo mágico en la literatura  aMadridbAlianzac2008 atextobtxt2rdacontent asin mediaciónbn2rdamedia avolumenbnc2rdacarrier aCO-BoRNBPbspaerdacCO-BoRNBP aN CAR1